| 000 | 01208nam0a22002891 4500 | ||
|---|---|---|---|
| 001 | rc\2815079 | ||
| 005 | 20250806211044.0 | ||
| 035 | _a(NLR Aleph) 006940853 | ||
| 090 |
_a38039 _c38039 |
||
| 100 | _a20110915d1945 u y0rusy50 ca | ||
| 101 | 0 | _arus | |
| 102 | _aRU | ||
| 105 | _aa z ||||| | ||
| 200 | 1 |
_aДиагностика болезней лошади _eКраткое руководство для войскового вет. врача _fП. С. Ионов, Г. В. Домрачев, Л. А. Фаддеев _gПод ред. проф. Г. В. Домрачева _gВет. упр. Красной Армии |
|
| 210 |
_aМосква _cСельхозгиз _d1945 _gОбразцовая тип. |
||
| 215 |
_a179 с. _cил. _d19 см. |
||
| 300 | _aНа обл. авторы не указаны | ||
| 700 | 1 |
_aИонов _bП.С. _gПетр Семенович |
|
| 701 | 1 |
_aФаддеев _bЛ.А. _gЛеонид Александрович |
|
| 701 | 1 |
_aДомрачев _bГ.В. |
|
| 801 | 0 |
_aRU _bNLR _gpsbo |
|
| 801 | 1 |
_aRU _bELAR _2rusmarc |
|
| 852 |
_aNLR _jВт02 Г-3/20 |
||
| 942 | _cBOOK | ||
| 945 | _aРоссийская национальная библиотека | ||
| 980 | _aNB | ||
| 980 | _aBV | ||